| 000 | 00776nam a2200253 i 4500 | ||
|---|---|---|---|
| 001 | bg | ||
| 245 | 0 |
_aSTATISTICA (wersja 5) : _bporadnik użytkownika / _cStatSoft. |
|
| 246 |
_iTyt. oryg.: _aStatistica (release 5), quick reference |
||
| 260 |
_aKraków : _bStatSoft, _c1995. |
||
| 300 |
_a201 s. : _brys. ; _c23 cm. |
||
| 500 | _aTyt. oryg.: "Statistica (release 5), quick reference" 1995. | ||
| 630 | 0 | 9 | _aSTATISTICA |
| 650 | 9 |
_aStatystyka _xautomatyzacja |
|
| 650 | 9 | _aProgramy komputerowe | |
| 655 | _aPodręczniki | ||
| 700 | 1 |
_aLESIŃSKA, Elżbieta. _eTł. |
|
| 020 | _a839047350 | ||
| 040 | _cBPK | ||
| 041 | 1 |
_apl _hen |
|
| 080 | _a311.3(083.41):519.2]:681.322.06(07) | ||
| 920 | _a83-904735-0 | ||
| 942 | _cKS | ||
| 008 | s pl f |000 0 pol | ||
| 999 |
_c24662 _d24662 |
||
| 856 |
_uhttp://koha.tu.koszalin.pl/cgi-bin/koha/opac-detail.pl?biblionumber=24662 _yKatalog online BPK |
||